ბათუმის შოთა რუსთაველის სახელმწიფო უნივერსიტეტის ბიბლიოთეკა

აღმოსავლეთმცოდნეობის მაცნე : (ბიბ.ჩანაწერი № 61598)

000 -LEADER
fixed length control field 01381nam a22001817a 4500
005 - DATE AND TIME OF LATEST TRANSACTION
control field 20240326165956.0
008 - FIXED-LENGTH DATA ELEMENTS--GENERAL INFORMATION
fixed length control field 240326c2023 ge ||||| |||| 00| 0 geo d
022 ## - INTERNATIONAL STANDARD SERIAL NUMBER
International Standard Serial Number 2587-490X
041 ## - LANGUAGE CODE
Language code of text/sound track or separate title geo
245 ## - TITLE STATEMENT
Title აღმოსავლეთმცოდნეობის მაცნე :
Remainder of title 2023.
Statement of responsibility, etc. რედაქტორი პროფესორი ემზარ მაკარაძე; ბათუმის შოთა რუსთაველის სახელმწიფო უნივერსიტეტი; ჰუმანიტარულ მეცნიერებათა ფაკულტეტი; აღმოსავლეთმცოდნეობის დეპარტამენტი;
260 ## - PUBLICATION, DISTRIBUTION, ETC.
Place of publication, distribution, etc. თბილისი,
Date of publication, distribution, etc. 2018-
300 ## - PHYSICAL DESCRIPTION
Extent V.
653 ## - INDEX TERM--UNCONTROLLED
Uncontrolled term აღმოსავლეთმცოდნეობა
653 ## - INDEX TERM--UNCONTROLLED
Uncontrolled term პერიოდიკა
700 ## - ADDED ENTRY--PERSONAL NAME
Personal name მაკარაძე, ემზარ
Relator term რედაქტორი
9 (RLIN) 4143
710 ## - ADDED ENTRY--CORPORATE NAME
Corporate name or jurisdiction name as entry element ბათუმის შოთა რუსთაველის სახელმწიფო უნივერსიტეტი; ჰუმანიტარულ მეცნიერებათა ფაკულტეტი; აღმოსავლეთმცოდნეობის დეპარტამენტი;
9 (RLIN) 21605
942 ## - ADDED ENTRY ELEMENTS (KOHA)
Source of classification or shelving scheme
Koha item type პერიოდიკა
ეგზემპლარები
Withdrawn status Lost status Source of classification or shelving scheme Damaged status Not for loan Permanent Location Current Location Date acquired Serial Enumeration / chronology Barcode Date last seen Copy number Price effective from Koha item type
          ბათუმის შოთა რუსთაველის სახელმწიფო უნივერსიტეტის მთავარი ბიბლიოთეკა ბათუმის შოთა რუსთაველის სახელმწიფო უნივერსიტეტის მთავარი ბიბლიოთეკა 2024-03-26 volume VI #1 2023 81084 2024-03-26 81084 2024-03-26 პერიოდიკა
          ბათუმის შოთა რუსთაველის სახელმწიფო უნივერსიტეტის მთავარი ბიბლიოთეკა ბათუმის შოთა რუსთაველის სახელმწიფო უნივერსიტეტის მთავარი ბიბლიოთეკა 2024-03-26 volume VI #2 2023 81187 2024-03-26 81187 2024-03-26 პერიოდიკა
          ბათუმის შოთა რუსთაველის სახელმწიფო უნივერსიტეტის მთავარი ბიბლიოთეკა ბათუმის შოთა რუსთაველის სახელმწიფო უნივერსიტეტის მთავარი ბიბლიოთეკა 2024-03-26 volume VI #1 2023 81186 2024-03-26 81186 2024-03-26 პერიოდიკა